The ethics of gender / (Record no. 14159)

MARC details
000 -LEADER
fixed length control field 01353cam a22003134a 4500
001 - CONTROL NUMBER
control field 12326960
003 - CONTROL NUMBER IDENTIFIER
control field OSt
005 - DATE AND TIME OF LATEST TRANSACTION
control field 20211021145938.0
008 - FIXED-LENGTH DATA ELEMENTS--GENERAL INFORMATION
fixed length control field 010226s2001 enk b 001 0 eng
010 ## - LIBRARY OF CONGRESS CONTROL NUMBER
LC control number 2001001140
020 ## - INTERNATIONAL STANDARD BOOK NUMBER
International Standard Book Number 0631215166 (alk. paper)
020 ## - INTERNATIONAL STANDARD BOOK NUMBER
International Standard Book Number 0631215174 (pbk. : alk. paper)
040 ## - CATALOGING SOURCE
Original cataloging agency DLC
Transcribing agency HU
Modifying agency DLC
042 ## - AUTHENTICATION CODE
Authentication code pcc
050 00 - LIBRARY OF CONGRESS CALL NUMBER
Classification number BJ1278.F45
Item number P365 2002
082 00 - DEWEY DECIMAL CLASSIFICATION NUMBER
Classification number 170/.82
Edition number 21
100 1# - MAIN ENTRY--PERSONAL NAME
Personal name Parsons, Susan Frank.
9 (RLIN) 14906
245 14 - TITLE STATEMENT
Title The ethics of gender /
Statement of responsibility, etc. Susan Frank Parsons.
260 ## - PUBLICATION, DISTRIBUTION, ETC.
Place of publication, distribution, etc. Oxford, UK ;
-- Malden, Mass. :
Name of publisher, distributor, etc. Blackwell Publishers,
Date of publication, distribution, etc. 2002.
300 ## - PHYSICAL DESCRIPTION
Extent x, 202 p. ;
Dimensions 24 cm.
440 #0 - SERIES STATEMENT/ADDED ENTRY--TITLE
Title New dimensions to religious ethics
9 (RLIN) 14907
504 ## - BIBLIOGRAPHY, ETC. NOTE
Bibliography, etc. note Includes bibliographical references (p. [188]-197) and index.
505 0# - FORMATTED CONTENTS NOTE
Formatted contents note On ethics and gender -- Feminism as an ethics of gender -- Is ethics a man's subject? -- The matter of bodies -- The subject of language -- The power of agency -- Engendering ethics -- Conceiving of difference -- Subjected in hope -- For love of God.
650 #0 - SUBJECT ADDED ENTRY--TOPICAL TERM
Topical term or geographic name entry element Christian ethics
General subdivision Roman Catholic authors.
9 (RLIN) 14908
650 #0 - SUBJECT ADDED ENTRY--TOPICAL TERM
Topical term or geographic name entry element Feminist ethics.
9 (RLIN) 14909
906 ## - LOCAL DATA ELEMENT F, LDF (RLIN)
a 7
b cbc
c orignew
d 1
e ecip
f 20
g y-gencatlg
942 ## - ADDED ENTRY ELEMENTS (KOHA)
Source of classification or shelving scheme Dewey Decimal Classification
Koha item type Books like text book referance book
Suppress in OPAC No
Holdings
Withdrawn status Lost status Source of classification or shelving scheme Damaged status Not for loan Home library Current library Date acquired Total Checkouts Full call number Barcode Date last seen Copy number Price effective from Koha item type Collection code Shelving location
    Dewey Decimal Classification     Wondo Genet Library Wondo Genet Library 10/21/2021   170/.82PAR 2002 WGCFNRL00004622 10/21/2021 1 10/21/2021 Books like text book referance book    
    Dewey Decimal Classification     Wondo Genet Library Wondo Genet Library 10/21/2021   170/.82PAR 2002 WGCFNRL00004623 10/21/2021 2 10/21/2021 Books like text book referance book    
    Dewey Decimal Classification     Wondo Genet Library Wondo Genet Library 10/21/2021   170/.82PAR 2002 WGCFNRL00004624 10/21/2021 3 10/21/2021 Books like text book referance book    
    Dewey Decimal Classification     Wondo Genet Library Wondo Genet Library 04/01/2022   170.82 PAR 2002 WGCFNRL00016086 04/01/2022 4 04/01/2022 Books like text book referance book Reference General Stacks